000 00393nam a2200145Ia 4500
008 240624s9999 xx 000 0 und d
041 _aeng
082 _a658.87 ROS
100 _aROSENBLOOM BERT
245 _aMARKETING CHANNELS A MANAGEMENT VIEW
250 _a(8th ed.)
260 _c2013
_aNew Delhi
_bSouth-Western Cengage Learning
300 _axxiii, 660 p.; 26 cm.
365 _cBPS
_b26
999 _c29951
_d29951